Visual Studio 6 : the complete reference /

Bibliographic Details
Main Author: Mueller, John, 1958-
Format: Book
Language:English
Published: Berkeley, Calif. : Osborne/McGraw-Hill, [1999]
Subjects:

MARC

Tag First Indicator Second Indicator Subfields
LEADER 00000cam a2200000 a 4500
001 in00001483085
005 20151021061755.0
008 990210s1999 caua 001 0 eng d
020 |a 0078825830 (pbk.) :  |c $49.99 (USA) ; $71.95 (CAN) 
035 |a (OCoLC)40767099 
035 |9 AJG0186AM 
040 |a DPL  |c DPL  |d TXA  |d UtOrBLW 
049 |a TXAM 
090 |a QA76.73.B3  |b M85 1999 
092 0 |a 005.26/8  |2 21 
100 1 |a Mueller, John,  |d 1958- 
245 1 0 |a Visual Studio 6 :  |b the complete reference /  |c John Paul Mueller. 
246 3 |a Visual Studio six :  |b the complete reference 
264 1 |a Berkeley, Calif. :  |b Osborne/McGraw-Hill,  |c [1999] 
264 4 |c ©1999 
300 |a xxxiv, 813 pages :  |b illustrations ;  |c 24 cm. +  |e 1 CD-ROM (4 3/4 in.) 
336 |a text  |b txt  |2 rdacontent 
337 |a unmediated  |b n  |2 rdamedia 
338 |a volume  |b nc  |2 rdacarrier 
500 |a Includes index. 
630 0 0 |a Microsoft Visual Basic for Windows. 
650 0 |a BASIC (Computer program language) 
630 0 0 |a Microsoft Windows (Computer file) 
948 |a c:jh 
999 |a MARS 
999 f f |s e2923c48-a314-35a8-aec3-711fb5bcab63  |i 8afae2fd-81fa-30d9-8184-51c2144bd4f2  |t 0 
952 f f |p normal  |a Texas A&M University  |b College Station  |c Sterling C. Evans Library  |d Evans: Library Stacks  |t 0  |e QA76.73.B3 M85 1999  |h Library of Congress classification  |i unmediated -- volume  |m A14823803238 
998 f f |a QA76.73.B3 M85 1999  |t 0  |l Evans: Library Stacks